| 000 | 00653nam a2200205Ia 4500 | ||
|---|---|---|---|
| 001 | 4909 | ||
| 003 | GE_BSU | ||
| 008 | 181216s||||||||xx |||||||||||||| ||und|| | ||
| 040 | _cGE_BSU | ||
| 080 | _a517 | ||
| 100 | _aБрёкер, Т;Ландер, Л.; | ||
| 245 | _aДифференцируемые ростки и катастрофы | ||
| 245 | _cПод ред. В.И. Арнольда. Пер. с Англииского А.Г.Кушниренко | ||
| 260 | _aМосква | ||
| 260 | _bМир | ||
| 260 | _c1977 | ||
| 300 | _a207 с. 20 см | ||
| 653 | _aДифференцируемые ростки и катастрофы | ||
| 942 | _cBK | ||
| 999 |
_c38671 _d38671 |
||